000
00327nam a2200145Ia 4500
008
200305s9999 xx 000 0 und d
082
_a
782
082
_b
JHA
100
_a
JHA, RAMASHRAYA
245
_a
ABHINAV GEETANJALI
250
_a
3 RD
260
_a
KURUKSHETRA
_b
NIRMAL BOOK AGENCY
650
_a
MUSIC
999
_c
38585
_d
38585
041
_a
hin